Toutes les épreuves de Fort Boyard - Statistiques

Statistiques générales
  • Ce quiz a été pris 56 fois
  • Le résultat moyen est 48 sur 358
Statistiques - réponses
Statut Nom de l'épreuve % Correct
Epreuve actuelle Lutte
72%
Epreuve actuelle Cotons-tiges aériens
63%
Epreuve actuelle Araignée
59%
Epreuve actuelle Caserne
59%
Ancienne épreuve Excalibur
59%
Epreuve actuelle Chez William
56%
Epreuve actuelle Saut de l'ange
56%
Ancienne épreuve Spa (Père Fourras Show)
56%
Ancienne épreuve Jarres
53%
Epreuve actuelle Ketchuperie
53%
Epreuve actuelle Banque
50%
Epreuve actuelle Double-lutte
50%
Epreuve actuelle Tête chercheuse
50%
Epreuve actuelle Vélo
47%
Epreuve actuelle Zoo
47%
Ancienne épreuve Bal
44%
Ancienne épreuve Casino Méga-Jackpot
44%
Epreuve actuelle Laverie automatique
44%
Epreuve actuelle Museum
44%
Ancienne épreuve Bibliothèque
41%
Epreuve actuelle Cabine abandonnée
41%
Epreuve actuelle Rodéo-Dino
41%
Epreuve actuelle Cabine éjectable
38%
Epreuve actuelle Cloche
38%
Epreuve actuelle Maison de poupées
38%
Epreuve actuelle Manoir
38%
Epreuve actuelle Métro
38%
Ancienne épreuve Ski
38%
Epreuve actuelle Catacombes
34%
Ancienne épreuve Cylindres
34%
Ancienne épreuve Garage
34%
Epreuve actuelle Monde à l'envers
34%
Epreuve actuelle Surf
34%
Epreuve actuelle Train fantôme
34%
Ancienne épreuve Alerte rouge
31%
Ancienne épreuve Boyard Academy
31%
Epreuve actuelle Chaise instable
31%
Epreuve actuelle Enigme du Père Fourras
31%
Ancienne épreuve Percolateur
31%
Ancienne épreuve Slaime
31%
Ancienne épreuve Tri sélectif
31%
Epreuve actuelle Balance
28%
Ancienne épreuve Basket
28%
Ancienne épreuve Chambre froide
28%
Epreuve actuelle Fakir
28%
Epreuve actuelle Fosse (aux serpents)
28%
Epreuve actuelle Horlogerie
28%
Epreuve actuelle Laboratoire
28%
Ancienne épreuve Planche
28%
Ancienne épreuve Balles de coton
25%
Ancienne épreuve Bizutage
25%
Ancienne épreuve Catapulte
25%
Ancienne épreuve Croco World
25%
Ancienne épreuve Double-saut de l'ange
25%
Ancienne épreuve Egout
25%
Epreuve actuelle Hôtel
25%
Epreuve actuelle Roi du silence
25%
Ancienne épreuve Safari
25%
Epreuve actuelle Viking
25%
Ancienne épreuve Aiguilleur
22%
Ancienne épreuve Alchimiste
22%
Ancienne épreuve Bibliothèque abandonnée
22%
Ancienne épreuve Bonneteau
22%
Ancienne épreuve Débarras
22%
Epreuve actuelle Funambule
22%
Ancienne épreuve Gagarine
22%
Epreuve actuelle Haute tension
22%
Ancienne épreuve Salle des tortures
22%
Epreuve actuelle Saut à l'élastique
22%
Ancienne épreuve Asile
19%
Ancienne épreuve Balancier
19%
Ancienne épreuve Balançoire
19%
Ancienne épreuve Baril de poudre
19%
Ancienne épreuve Barillet
19%
Ancienne épreuve Bascule magyare
19%
Ancienne épreuve Bingo'ssbo
19%
Ancienne épreuve Brancard
19%
Ancienne épreuve Bras de fer
19%
Ancienne épreuve Cellule infernale
19%
Ancienne épreuve Cellule interactive
19%
Ancienne épreuve Chez Tata Fouras
19%
Ancienne épreuve De la Terre à la Lune
19%
Ancienne épreuve Mur
19%
Ancienne épreuve Pied marin
19%
Epreuve actuelle Poutre jets d'eau
19%
Epreuve actuelle Précipice extérieur
19%
Ancienne épreuve Rouleau
19%
Ancienne épreuve Sable
19%
Epreuve actuelle Supérette
19%
Ancienne épreuve Temple de la Destinée
19%
Epreuve actuelle Turbo Basket
19%
Epreuve actuelle Tyrolienne
19%
Ancienne épreuve Amarre trop courte
16%
Ancienne épreuve Antre filet
16%
Ancienne épreuve Araignées
16%
Ancienne épreuve Baguettes
16%
Ancienne épreuve Billard
16%
Ancienne épreuve Boyardodrome
16%
Epreuve actuelle Cabine vertigineuse
16%
Epreuve actuelle Catapulte infernale
16%
Ancienne épreuve Cerce
16%
Epreuve actuelle Château Boyard
16%
Ancienne épreuve Conserves
16%
Ancienne épreuve Etriers suspendus
16%
Epreuve actuelle Femme coupée
16%
Epreuve actuelle Flipper
16%
Ancienne épreuve Menotte
16%
Ancienne épreuve Momie
16%
Epreuve actuelle Morpion
16%
Ancienne épreuve Pirate
16%
Ancienne épreuve Planches
16%
Epreuve actuelle Planches de pirate
16%
Epreuve actuelle Pont de singe
16%
Ancienne épreuve Rocket-man
16%
Epreuve actuelle Antenne téléphonique
13%
Ancienne épreuve Apnée
13%
Ancienne épreuve Arbalète
13%
Ancienne épreuve Arbre à clés
13%
Ancienne épreuve Ascension du poteau
13%
Ancienne épreuve Barge et filet
13%
Ancienne épreuve BEEF
13%
Ancienne épreuve Bobine
13%
Ancienne épreuve Bouclier
13%
Ancienne épreuve Boulets
13%
Ancienne épreuve Cagoule
13%
Epreuve actuelle Car Wars
13%
Ancienne épreuve Cellule qui rétrécit
13%
Ancienne épreuve Corniche
13%
Ancienne épreuve Course en armure
13%
Epreuve actuelle Deux cages
13%
Ancienne épreuve Echelle
13%
Epreuve actuelle Echiquier
13%
Ancienne épreuve Manolier
13%
Ancienne épreuve Mégagaf
13%
Ancienne épreuve Mot de passe
13%
Ancienne épreuve Musée des horreurs
13%
Ancienne épreuve Perches
13%
Ancienne épreuve Ring
13%
Ancienne épreuve Scie
13%
Ancienne épreuve Taquin-marin
13%
Ancienne épreuve Théâtre
13%
Epreuve actuelle Tir à la corde
13%
Ancienne épreuve Tuyau transparent
13%
Ancienne épreuve Varappe
13%
Ancienne épreuve Vendeur d'indices
13%
Ancienne épreuve Voleur de clé
13%
Ancienne épreuve Araignées et scorpions
9%
Ancienne épreuve Ascenseur
9%
Ancienne épreuve Ascension du tonneau
9%
Ancienne épreuve Assiette
9%
Ancienne épreuve Ballons
9%
Ancienne épreuve Barrique
9%
Ancienne épreuve Bélier
9%
Ancienne épreuve Boîte à bille
9%
Ancienne épreuve Burin
9%
Ancienne épreuve Cabestan
9%
Ancienne épreuve Cablocypède
9%
Ancienne épreuve Calcul à la suite
9%
Ancienne épreuve Carotte
9%
Epreuve actuelle Chasseur
9%
Ancienne épreuve Clé sur la grille
9%
Ancienne épreuve Coffre des marins
9%
Ancienne épreuve Colin-maillard
9%
Ancienne épreuve Cuves
9%
Ancienne épreuve Dauphin
9%
Ancienne épreuve Echelle infernale
9%
Ancienne épreuve Engrenages
9%
Ancienne épreuve Femme sans tête
9%
Ancienne épreuve Filet africain
9%
Ancienne épreuve Labyrinthe obscur
9%
Epreuve actuelle Looping
9%
Ancienne épreuve Mange-fil
9%
Ancienne épreuve Marches
9%
Ancienne épreuve Mister Boo
9%
Ancienne épreuve Mur glissant
9%
Ancienne épreuve Noria
9%
Ancienne épreuve Parquet
9%
Ancienne épreuve Pierres empilées
9%
Ancienne épreuve Pierres extérieures
9%
Ancienne épreuve Plateau 215
9%
Ancienne épreuve Prisonniers
9%
Epreuve actuelle Prison sous-marine
9%
Ancienne épreuve Rampeur
9%
Ancienne épreuve Réserve
9%
Ancienne épreuve Scaphandre
9%
Ancienne épreuve Sisyphe
9%
Ancienne épreuve Skis
9%
Ancienne épreuve Soufflerie
9%
Ancienne épreuve Souterrain inondé
9%
Ancienne épreuve Spéléo
9%
Epreuve actuelle Téléphérisque
9%
Ancienne épreuve Temps modernes
9%
Ancienne épreuve Tête de tigre
9%
Ancienne épreuve Tir à l'arc
9%
Ancienne épreuve Toile d'araignée
9%
Ancienne épreuve Tonneau
9%
Ancienne épreuve Tord-boyaux
9%
Ancienne épreuve Tourniquet
9%
Ancienne épreuve Voyage dans le temps
9%
Ancienne épreuve Willymix
9%
Epreuve actuelle Ascension à l'aveugle
6%
Ancienne épreuve Boa sous-marin
6%
Ancienne épreuve Bouées
6%
Ancienne épreuve Boulet à la mer
6%
Ancienne épreuve Cachots abandonnés
6%
Ancienne épreuve Cage immergée
6%
Ancienne épreuve Cage télescopique
6%
Ancienne épreuve Chaîne
6%
Ancienne épreuve Chambrière
6%
Ancienne épreuve Chantier
6%
Epreuve actuelle Chemin de sphères
6%
Epreuve actuelle Chenille
6%
Ancienne épreuve Cible
6%
Epreuve actuelle Clé à la mer
6%
Ancienne épreuve Code musical
6%
Ancienne épreuve Coffre fort
6%
Ancienne épreuve Corderie
6%
Ancienne épreuve Culbuto
6%
Ancienne épreuve Descente
6%
Ancienne épreuve Hamacs
6%
Ancienne épreuve Doigts de fée
6%
Ancienne épreuve Double-chaise instable
6%
Ancienne épreuve Douches
6%
Ancienne épreuve Echafaudage
6%
Ancienne épreuve Echelle spéléo
6%
Ancienne épreuve Equilibre
6%
Ancienne épreuve Escalier inutile
6%
Ancienne épreuve Esquif
6%
Ancienne épreuve Everest
6%
Ancienne épreuve Fils à plomb
6%
Ancienne épreuve Fondeur de lettres
6%
Ancienne épreuve Fusée
6%
Ancienne épreuve Hamac
6%
Ancienne épreuve Homme volant
6%
Ancienne épreuve Jingbille
6%
Ancienne épreuve Joute
6%
Ancienne épreuve Liane
6%
Ancienne épreuve Machine infernale
6%
Ancienne épreuve Mannequins
6%
Ancienne épreuve Marches en tubes
6%
Ancienne épreuve Mâts suspendus
6%
Ancienne épreuve Miroir
6%
Ancienne épreuve Pays des merveilles
6%
Ancienne épreuve Pivot
6%
Ancienne épreuve Poignards
6%
Ancienne épreuve Porteur d'eau
6%
Ancienne épreuve Poupées russes
6%
Ancienne épreuve Poutre à la mer
6%
Ancienne épreuve Radeau
6%
Ancienne épreuve Revenants
6%
Ancienne épreuve Sacs
6%
Ancienne épreuve Salle d'armes
6%
Epreuve actuelle Salle des machines
6%
Ancienne épreuve Secousse
6%
Ancienne épreuve Sémaphore
6%
Ancienne épreuve Smash
6%
Ancienne épreuve Souffleurs
6%
Ancienne épreuve Souricière
6%
Ancienne épreuve Surplomb
6%
Ancienne épreuve Taupe
6%
Ancienne épreuve Tête dans l'eau
6%
Ancienne épreuve Tirlitournette
6%
Ancienne épreuve Tiroirs
6%
Ancienne épreuve TNT
6%
Ancienne épreuve Tortue
6%
Ancienne épreuve Tromblon
6%
Ancienne épreuve Tubulure
6%
Ancienne épreuve Vélibérateur
6%
Ancienne épreuve Wagonnet
6%
Ancienne épreuve Antre des cauchemars
3%
Epreuve actuelle Atelier de réparation des poupées
3%
Ancienne épreuve Balanciers
3%
Ancienne épreuve Boulets sur la planche
3%
Ancienne épreuve Branche
3%
Ancienne épreuve Cabane du trappeur
3%
Ancienne épreuve Cabine aquatique
3%
Ancienne épreuve Cadeaux empoisonnés
3%
Ancienne épreuve Cage aux tigres
3%
Epreuve actuelle Cellule à remonter le temps
3%
Ancienne épreuve Chaloupe
3%
Ancienne épreuve Chamboule-Champ
3%
Ancienne épreuve Chaudron
3%
Ancienne épreuve Chaussette
3%
Ancienne épreuve Code Braille
3%
Ancienne épreuve Couture
3%
Ancienne épreuve Cyclo-cardio
3%
Ancienne épreuve Débarras du Fort
3%
Ancienne épreuve Double-échelle
3%
Ancienne épreuve Draps
3%
Epreuve actuelle Echelle de corde
3%
Ancienne épreuve Echelle d'évacuation
3%
Ancienne épreuve Ecurie
3%
Ancienne épreuve Entraînement sous-marin
3%
Ancienne épreuve Eolienne
3%
Ancienne épreuve Equilibre à deux
3%
Ancienne épreuve Filet-boulet
3%
Ancienne épreuve Filet vertical
3%
Ancienne épreuve Fusibles
3%
Ancienne épreuve Galets
3%
Epreuve actuelle Hélices
3%
Ancienne épreuve Lettres déformables
3%
Ancienne épreuve Loto des animaux
3%
Ancienne épreuve Louches
3%
Ancienne épreuve Lustre
3%
Ancienne épreuve Maison engloutie
3%
Ancienne épreuve Mal de mur
3%
Ancienne épreuve Menotte immergée
3%
Ancienne épreuve Métier à tisser
3%
Ancienne épreuve Monochaise
3%
Ancienne épreuve M.Tchan
3%
Ancienne épreuve Ouistiti
3%
Ancienne épreuve Pain de glace
3%
Ancienne épreuve Palets
3%
Ancienne épreuve Parapluies
3%
Ancienne épreuve Pendule
3%
Ancienne épreuve Pesée
3%
Ancienne épreuve Pince
3%
Ancienne épreuve Planétarium
3%
Epreuve actuelle Presse à Boyards
3%
Ancienne épreuve Salle des illusions
3%
Ancienne épreuve Sapin immergé
3%
Ancienne épreuve Seaux
3%
Ancienne épreuve Stand de tir
3%
Ancienne épreuve Tableaux
3%
Ancienne épreuve Table instable
3%
Ancienne épreuve Tirer de corde
3%
Ancienne épreuve Transformateur
3%
Ancienne épreuve Trapèze
3%
Ancienne épreuve Tremplin
3%
Ancienne épreuve Trois fontaines
3%
Ancienne épreuve Vaisseau spatial
3%
Ancienne épreuve Vertige et dépendance
3%
Ancienne épreuve Willymaton
3%
Ancienne épreuve Barreaux
0%
Ancienne épreuve Buche de Noel
0%
Ancienne épreuve Clé au filet
0%
Ancienne épreuve Coffre immergé
0%
Ancienne épreuve Déroulé-boulet
0%
Ancienne épreuve Double-corniche
0%
Ancienne épreuve Enigme de Jaba
0%
Ancienne épreuve Enigme interactive
0%
Ancienne épreuve Galerie des portraits
0%
Ancienne épreuve Gyroscope
0%
Ancienne épreuve Haute sécurité
0%
Ancienne épreuve Moulin
0%
Ancienne épreuve Moulin à eau
0%
Ancienne épreuve Musée des Reliques Sacrées
0%
Ancienne épreuve Noeud
0%
Ancienne épreuve Poutre étriers
0%
Ancienne épreuve Quatre pouliers
0%
Ancienne épreuve Relais arbalète
0%
Ancienne épreuve Repaire des bandits
0%
Ancienne épreuve Rondins
0%
Ancienne épreuve Salle des Trophées
0%
Ancienne épreuve Salle informatique
0%
Ancienne épreuve Tombeau des Esprits Frappeurs
0%
Ancienne épreuve Tyrolienne infernale
0%
Ancienne épreuve Voile
0%
Aucun quiz correspondant
Distribution des résultats
% des personnes avec chaque résultat
Percentile par nombre de réponses
Votre historique - résultats
Vous n’avez pas pris ce quiz